Nueva historia de Roma

Saved in:
Bibliografiske detaljer
Hovedforfatter: Homo, León (autor)
Andre forfattere: Farran Y Mayoral, J. (traducción del francés)
Format: Bog
Sprog:spansk
Udgivet: Barcelona, España: Iberia, 1981
Udgivelse:Séptima edición.
Fag:
Tags: Tilføj Tag
Ingen Tags, Vær først til at tagge denne postø!

MARC

LEADER 00000nam a2200000 a 4500
001 UCP4796
003 CL-VaPUC
005 20250416144523.0
008 990813e19810000SP |||||||||||||||||spa|d
999 |c 282694  |d 282692 
020 |a 8470820966 
040 |c Pontificia Universidad Católica de Valparaíso 
082 0 4 |a 937 HOM 1981  |2 21 
100 1 |a Homo, León  |e autor  |9 902172 
245 1 0 |a Nueva historia de Roma 
250 |a Séptima edición. 
260 |a Barcelona, España:  |b Iberia,  |c 1981 
300 |a 470 páginas 
583 |a last modification  |c 19990813 00:00:00  |k Rodrigo Vera 
650 1 |a Historia de Roma  |9 315349 
650 1 |a Civilización romana  |9 438909 
650 1 |a Imperio romano  |9 322785 
700 |a Farran Y Mayoral, J.  |e traducción del francés  |9 902173 
942 |c BK  |2 ddc 
945 |d 19990813 00:00:00  |a lriquelm 
952 |0 0  |1 0  |4 0  |6 937_000000000000000_HOM_1981  |7 0  |8 A  |9 324832  |a BIBHIS  |b BIBHIS  |d 2019-11-20  |i 1359444  |o 937 HOM 1981  |p 1359444  |r 2025-01-20  |w 2019-11-20  |y BK  |k HIS 
952 |0 0  |1 0  |4 0  |6 937_000000000000000_HOM_1981  |7 0  |8 A  |9 324833  |a BIBHIS  |b BIBHIS  |d 2019-11-20  |i 1359452  |o 937 HOM 1981  |p 1359452  |r 2025-01-20  |w 2019-11-20  |y BK  |k HIS 
952 |0 0  |1 0  |4 0  |6 937_000000000000000_HOM_1981  |7 0  |8 A  |9 324834  |a BIBHIS  |b BIBHIS  |d 2019-11-20  |i 1359460  |o 937 HOM 1981  |p 1359460  |r 2025-01-20  |w 2019-11-20  |y BK  |k HIS 
952 |0 0  |1 0  |4 0  |6 937_000000000000000_HOM_1981  |7 0  |8 A  |9 324835  |a BIBDER  |b BIBDER  |d 2019-11-20  |i 4464761  |o 937 HOM 1981  |p 4464761  |r 2023-01-25  |w 2019-11-20  |y BK  |k DER 
952 |0 0  |1 0  |4 0  |6 937_000000000000000_HOM_1981  |7 0  |8 A  |9 324836  |a BIBDER  |b BIBDER  |d 2019-11-20  |i 4464737  |o 937 HOM 1981  |p 4464737  |r 2023-01-25  |w 2019-11-20  |y BK  |k DER 
952 |0 0  |1 0  |4 0  |6 937_000000000000000_HOM_1981  |7 0  |8 A  |9 324837  |a BIBDER  |b BIBDER  |d 2019-11-20  |i 4464729  |o 937 HOM 1981  |p 4464729  |r 2023-01-25  |w 2019-11-20  |y BK  |k DER 
952 |0 0  |1 0  |4 0  |6 937_000000000000000_HOM_1981  |7 0  |8 A  |9 324838  |a BIBDER  |b BIBDER  |d 2019-11-20  |i 4464710  |o 937 HOM 1981  |p 4464710  |r 2023-01-25  |w 2019-11-20  |y BK  |k DER 
952 |0 0  |1 0  |4 0  |6 937_000000000000000_HOM_1981  |7 0  |8 A  |9 324839  |a BIBDER  |b BIBDER  |d 2019-11-20  |i 4464753  |o 937 HOM 1981  |p 4464753  |r 2023-01-25  |w 2019-11-20  |y BK  |k DER 
952 |0 0  |1 0  |4 0  |6 937_000000000000000_HOM_1981  |7 0  |8 A  |9 324840  |a BIBDER  |b BIBDER  |d 2019-11-20  |i 4464745  |o 937 HOM 1981  |p 4464745  |r 2023-01-25  |w 2019-11-20  |y BK  |k DER 
952 |0 0  |1 0  |4 0  |6 937_000000000000000_HOM_1981  |7 0  |8 A  |9 324841  |a BIBDER  |b BIBDER  |d 2019-11-20  |i 446480K  |o 937 HOM 1981  |p 446480K  |r 2023-01-25  |w 2019-11-20  |y BK  |k DER 
952 |0 0  |1 0  |4 0  |6 937_000000000000000_HOM_1981  |7 0  |8 A  |9 324842  |a BIBDER  |b BIBDER  |d 2019-11-20  |i 4464796  |o 937 HOM 1981  |p 4464796  |r 2023-01-25  |w 2019-11-20  |y BK  |k DER 
952 |0 0  |1 0  |4 0  |6 937_000000000000000_HOM_1981  |7 0  |8 A  |9 324843  |a BIBDER  |b BIBDER  |d 2019-11-20  |i 4464788  |l 2  |o 937 HOM 1981  |p 4464788  |r 2024-09-30  |s 2024-09-13  |w 2019-11-20  |y BK  |k DER 
952 |0 0  |1 0  |4 0  |6 937_000000000000000_HOM_1981  |7 0  |8 A  |9 324844  |a BIBDER  |b BIBDER  |d 2019-11-20  |i 446477K  |o 937 HOM 1981  |p 446477K  |r 2023-01-25  |w 2019-11-20  |y BK  |k DER 
952 |0 0  |1 0  |4 0  |6 937_000000000000000_HOM_1981  |7 0  |8 A  |9 324845  |a BIBDER  |b BIBDER  |d 2019-11-20  |i 4490630  |l 2  |o 937 HOM 1981  |p 4490630  |r 2024-03-05  |s 2024-03-05  |w 2019-11-20  |y BK  |k DER 
952 |0 0  |1 0  |4 0  |6 937_000000000000000_HOM_1981  |7 0  |8 A  |9 324846  |a BIBDER  |b BIBDER  |d 2019-11-20  |i 4490649  |o 937 HOM 1981  |p 4490649  |r 2023-01-25  |w 2019-11-20  |y BK  |k DER 
952 |0 0  |1 0  |4 0  |6 937_000000000000000_HOM_1981  |7 0  |8 A  |9 324847  |a BIBDER  |b BIBDER  |d 2019-11-20  |i 4490614  |o 937 HOM 1981  |p 4490614  |r 2023-01-25  |w 2019-11-20  |y BK  |k DER 
952 |0 0  |1 0  |4 0  |6 937_000000000000000_HOM_1981  |7 0  |8 A  |9 324848  |a BIBDER  |b BIBDER  |d 2019-11-20  |i 4490622  |o 937 HOM 1981  |p 4490622  |r 2023-01-25  |w 2019-11-20  |y BK  |k DER 
952 |0 0  |1 0  |4 0  |6 937_000000000000000_HOM_1981  |7 0  |8 A  |9 324849  |a BIBDER  |b BIBDER  |d 2019-11-20  |i 4490592  |o 937 HOM 1981  |p 4490592  |r 2023-01-25  |w 2019-11-20  |y BK  |k DER 
952 |0 0  |1 0  |4 0  |6 937_000000000000000_HOM_1981  |7 0  |8 A  |9 324850  |a BIBDER  |b BIBDER  |d 2019-11-20  |i 4490606  |o 937 HOM 1981  |p 4490606  |r 2023-01-25  |w 2019-11-20  |y BK  |k DER 
952 |0 0  |1 0  |4 0  |6 937_000000000000000_HOM_1981  |7 0  |8 A  |9 324851  |a BIBDER  |b BIBDER  |d 2019-11-20  |i 4490576  |o 937 HOM 1981  |p 4490576  |r 2023-01-25  |w 2019-11-20  |y BK  |k DER 
952 |0 0  |1 0  |4 0  |6 937_000000000000000_HOM_1981  |7 0  |8 A  |9 324852  |a BIBDER  |b BIBDER  |d 2019-11-20  |i 4490584  |o 937 HOM 1981  |p 4490584  |r 2023-01-25  |w 2019-11-20  |y BK  |k DER 
952 |0 0  |1 0  |4 0  |6 937_000000000000000_HOM_1981  |7 0  |8 A  |9 324853  |a BIBDER  |b BIBDER  |d 2019-11-20  |i 449055K  |o 937 HOM 1981  |p 449055K  |r 2023-01-25  |w 2019-11-20  |y BK  |k DER 
952 |0 0  |1 0  |4 0  |6 937_000000000000000_HOM_1981  |7 0  |8 A  |9 324854  |a BIBDER  |b BIBDER  |d 2019-11-20  |i 4490568  |o 937 HOM 1981  |p 4490568  |r 2023-01-25  |w 2019-11-20  |y BK  |k DER